000 00975cam a2200325 a 4500
999 _c8932
_d8932
001 13662457
003 GZU
005 20210526152605.0
008 040722s2002 sa 001 0 eng
010 _a 2004418406
020 _a0702159271 (pbk.)
035 _a(OCoLC)ocm52202180
040 _aOI@
_cOI@
_dDLC
042 _alccopycat
043 _af-sa---
050 0 0 _aKTL926
_b.S53 2002
082 0 0 _a346.6807
_222
100 1 _aSharrock, Robert.
245 1 0 _aBusiness transactions law /
_cRobert Sharrock.
250 _a6th ed.
260 _a[Kenwyn, South Africa] :
_bJuta,
_c2002.
300 _axxv, 742 p. ;
_c25 cm.
500 _aIncludes index.
650 0 _aSales
_zSouth Africa.
650 0 _aContracts
_zSouth Africa.
650 0 _aCommercial law
_zSouth Africa.
906 _a7
_bcbc
_ccopycat
_d2
_encip
_f20
_gy-gencatlg
942 _2lcc
_cBK
_e6th
_h926
_iSHA
_kKTL
_m2009